[Event "ICS rated blitz match"]
[Site "207.99.83.227"]
[Date "1999.04.25"]
[Round "?"]
[White "Hossa"]
[Black "Angharad"]
[Result "0-1"]
[WhiteElo "2282"]
[BlackElo "2120"]
[Annotator "Fritz 5.32 (15s)"]
[PlyCount "129"]

1. Nf3 Nf6 2. d4 e6 3. Bf4 c5 4. e3 cxd4 5. exd4 b6 6. Bd3 Bb7 7. O-O (7. Nbd2
Be7 8. c3 d6 9. Qe2 Nbd7 10. O-O O-O 11. Rfe1 Re8 12. Nc4 Nf8 13. Rad1 Nd5 14.
Bg3 Ng6 15. Qd2 a6 16. Ne3 Nf6 17. c4 Nh5 18. d5 e5 19. Nf5 Bf6 20. Qb4 Be7 21.
Nd2 21... Bc8 {Kamberovic,S-Cladouras,P/Open 2/6/4 1996/0-1 (61)}) 7... Be7 8.
Nc3 O-O 9. Nb5 $146 (9. Re1 9... Nc6 $14) 9... d6 {Sichert e5} 10. Re1 Nc6 11.
c4 $11 (11. a3 Nd5 12. Bd2 12... Rc8 $14) 11... a6 12. Nc3 Qd7 13. a3 {Deckt b4
} 13... Rfc8 14. Rc1 $11 (14. d5 Na5 15. Nd2 exd5 16. cxd5 16... b5 $14 (16...
Nxd5 $2 17. Nxd5 Bxd5 18. Qh5 $18)) 14... Na5 15. Nd2 (15. Nb1 b5 16. cxb5 axb5
17. Rxc8+ 17... Rxc8 $11) 15... d5 16. cxd5 Nxd5 17. Nxd5 17... Bxd5 $14 {
Der Laeufer ist wirkungsvoll plaziert} (17... Qxd5 $5 {ist zu ueberlegen} 18.
Nf3 Rxc1 19. Qxc1 19... Rc8 $11) 18. Rxc8+ Qxc8 19. Qh5 {
Mit der Mattdrohung Qxh7} 19... g6 {Kontrolliert f5} 20. Qg4 Qf8 (20... Nc6 21.
Rc1 $11) 21. Bc7 Bd8 22. Bxd8 Qxd8 23. b4 Nc6 24. Qf4 a5 25. b5 Ne7 26. a4 Rc8
27. Bb1 (27. Qe5 Rc3 28. Qe2 28... Bxg2 $19) 27... Kg7 $11 (27... Qc7 28. Qg5
$15) 28. Rf1 $15 (28. h3 Qc7 29. Qe5+ 29... f6 $15) 28... Qc7 29. Qe5+ 29...
Qxe5 $11 (29... f6 30. Qe3 $15) 30. dxe5 g5 31. f3 $15 (31. f4 31... Ng6 $11)
31... Ng6 32. Re1 Rc5 33. Kf2 33... Bb7 $11 (33... Rc3 34. h3 $15) 34. Bxg6 $15
(34. Re3 34... Rc1 $11 (34... Nxe5 $143 35. Nb3 Rd5 36. Be4 $16)) 34... Kxg6
35. Re3 35... Rc2 {Schwarz ergreift die Initiative} 36. Rd3 Bd5 37. Kg3 (37. g4
37... Ra2 $17) 37... Kf5 38. Nf1 Kxe5 39. Re3+ (39. Ne3 Ra2 40. Ng4+ 40... Kd6
$19) 39... Kd4 {Schwarz droht Rc1} 40. Ra3 Ra2 41. Rxa2 Bxa2 42. Nd2 (42. Kg4
f6 43. Ng3 43... Bb3 $19) 42... f5 {Mit der Drohung Ke3} 43. Kf2 Kd3 (43... Kc3
{damit wuerde Schwarz es sich noch erleichtern} 44. Ke1 $19) 44. Ke1 e5 (44...
Kc3 $5 {laesst dem Gegner kaum Chancen} 45. g3 $19) 45. h3 (45. f4 gxf4 46. Nf3
e4 47. Ne5+ 47... Ke3 $19) 45... e4 46. fxe4 fxe4 47. Kd1 (47. g3 {
aendert den traurigen Lauf der Dinge nicht} 47... h5 $19) 47... Bd5 48. Ke1
48... e3 {Droht Matt: exd2} 49. Nf1 Bb3 (49... Bxg2 {ginge schneller} 50. Ng3
Bxh3 51. Nh5 $19) 50. Nh2 50... Bxa4 {Der Freibauer a5 greift sofort ein} 51.
Nf3 Bxb5 52. Ne5+ (52. Kd1 {ist noch eine Idee} 52... a4 53. Kc1 $19) 52... Ke4
(52... Kc3 $142 {liesse Weiss keine Chance} 53. Ng4 a4 54. Nxe3 $19) 53. Nf7 (
53. Nf3 {waere gleichermassen fruchtlos} 53... a4 $1 {huebsch} 54. Kd1 54...
Kd3 $19) 53... Kf4 (53... a4 $5 $142 {ist genauer} 54. Nd6+ Kd4 55. Nxb5+ Kc4
56. Nd6+ Kb3 57. Nb5 $19) 54. Nd6 Bd3 55. Nc8 b5 56. Nb6 Bc4 57. h4 (57. g3+ {
ist der letzte Strohhalm} 57... Kxg3 58. Nd7 $19) 57... gxh4 58. Kd1 58... a4 {
Droht Bb3} 59. Kc2 a3 60. Kc3 a2 61. Kb4 61... a1=Q {Mit der Absicht e2} 62.
Nd7 (62. g3+ {nuetzt auch nichts mehr} 62... hxg3 63. Kc5 g2 64. Kc6 g1=Q 65.
Kb7 Qgg7+ 66. Kc8 Be6+ 67. Kd8 Qaf6+ 68. Ke8 Qgf7#) 62... e2 $1 {
ganz unerschrocken} 63. Kc5 e1=Q 64. g3+ hxg3 65. Kd6 (65. Kb6 {
aendert nichts mehr} 65... Qe6+ 66. Kb7 Qxd7+ 67. Kb6 Qaa7#) 0-1

[Event "ICS rated blitz match"]
[Site "207.99.83.227"]
[Date "1999.04.25"]
[Round "?"]
[White "Amateur"]
[Black "Hossa"]
[Result "0-1"]
[WhiteElo "2432"]
[BlackElo "2259"]
[PlyCount "150"]

1. e4 c5 2. Nf3 e6 3. d4 Nc6 4. d5 Na5 5. Nc3 d6 6. Bf4 Nf6 7. Bb5+ Bd7 8. dxe6
fxe6 9. Qd3 a6 10. Bxd7+ Qxd7 11. O-O-O Ng4 12. Rhf1 O-O-O 13. h3 Nf6 14. g4
Qf7 15. Ng5 Qd7 16. Qe2 h6 17. Nf3 Qf7 18. Bd2 Nc6 19. g5 Nh5 20. gxh6 gxh6 21.
Rg1 Bg7 22. Ne1 Rhf8 23. Rh1 Kb8 24. Nd3 Nd4 25. Qg4 c4 26. Ne1 Rg8 27. h4 Nxc2
28. Kxc2 Bxc3 29. Qf3 Qxf3 30. Nxf3 Bxd2 31. Nxd2 Rgf8 32. f3 Rc8 33. Kc3 Nf4
34. Rh2 b5 35. Rb1 a5 36. Nf1 b4+ 37. Kd2 c3+ 38. bxc3 Rxc3 39. Rb3 Rfc8 40.
Rb1 Rc2+ 41. Kd1 Ng2 42. Rxg2 Rxg2 43. a3 Rc4 44. Ke1 Rd4 45. axb4 axb4 46. Rb3
Kc7 47. Re3 Rc4 48. Kd1 Rc3 49. Rxc3+ bxc3 50. Ne3 Rf2 51. Ng4 Rxf3 52. Nxh6
Rf2 53. h5 d5 54. Ng4 Rd2+ 55. Kc1 d4 56. h6 Ra2 57. Ne5 Kb6 58. Kd1 Ra7 59.
Kc2 Kc5 60. Nd3+ Kb5 61. Ne5 Ra2+ 62. Kc1 Ka4 63. h7 Kb3 64. Kd1 Rh2 65. Ke1 c2
66. Nd3 Rxh7 67. Ke2 Rh2+ 68. Kf3 Rh3+ 69. Ke2 Rxd3 70. Kxd3 c1=Q 71. Ke2 Qf4
72. Ke1 Qf3 73. e5 Qg2 74. Kd1 Qf2 75. Kc1 75... Qe1# {Amateur checkmated} 0-1

[Event "ICS rated blitz match"]
[Site "207.99.83.227"]
[Date "1999.04.25"]
[Round "?"]
[White "robbok1"]
[Black "Hossa"]
[Result "0-1"]
[WhiteElo "2604"]
[BlackElo "2282"]
[PlyCount "96"]

1. e4 c6 2. d4 d5 3. e5 Bf5 4. Nc3 e6 5. g4 Bg6 6. Nge2 Bb4 7. h4 f6 8. a3
Bxc3+ 9. Nxc3 fxe5 10. Bg5 Qb6 11. dxe5 Qxb2 12. Rh3 Bxc2 13. Qc1 Qxc1+ 14.
Rxc1 h6 15. Bf4 Bh7 16. Ne2 Kf7 17. Rb3 b6 18. Bd2 c5 19. Rf3+ Ke7 20. Re3 Nd7
21. Bg2 Rf8 22. f4 d4 23. Rb3 Kf7 24. Ng3 Ne7 25. Ke2 Rc8 26. Rc4 Rhf8 27. Ne4
Kg8 28. Nd6 Rcd8 29. Nb7 Rb8 30. Rc1 Nd5 31. Bxd5 exd5 32. Nd6 Rbd8 33. g5 h5
34. Rg3 Bf5 35. g6 Bg4+ 36. Kd3 Nf6 37. Rf1 Ne4 38. Nxe4 Bf5 39. Ke2 dxe4 40.
Bc1 Bg4+ 41. Ke1 e3 42. a4 a6 43. a5 bxa5 44. f5 Rxf5 45. Rxf5 Bxf5 46. Rg5 Bd3
47. e6 Rf8 48. Rg1 48... e2 {robbok1 resigns} 0-1

[Event "ICS rated blitz match"]
[Site "207.99.83.227"]
[Date "1999.04.25"]
[Round "?"]
[White "Hossa"]
[Black "robbok1"]
[Result "1-0"]
[WhiteElo "2310"]
[BlackElo "2576"]
[Annotator "Fritz 5.32 (15s)"]
[PlyCount "99"]

1. Nf3 d5 2. d4 Nf6 3. e3 e6 4. Bb5+ $146 (4. Bd3 Nbd7 (4... c5 5. b3 Be7 6.
O-O O-O 7. Nbd2 b6 8. Bb2 Bb7 9. Ne5 Nbd7 10. Qe2 Rc8 11. f4 Ne4 12. c4 f6 13.
Nxd7 Qxd7 14. Rad1 Nxd2 15. Rxd2 f5 16. g4 Qc6 17. Qf3 fxg4 18. Qxg4 Bf6 19.
Qh3 g6 20. cxd5 exd5 21. Rg2 c4 22. Bf5 Rce8 23. Bd7 Bc8 24. Bxc6 Bxh3 25.
Bxd5+ Kg7 26. e4 Bxg2 27. Kxg2 cxb3 28. axb3 Rc8 29. Bc4 Rfd8 30. e5 Be7 31.
Ra1 a5 32. Kf3 Bb4 33. Ke4 Rc7 34. d5 Kf8 35. d6 Rc6 36. Ba3 Bxa3 37. Rxa3 Rc5
38. Kd4 Ke8 39. Ra2 Kd7 40. b4 axb4 41. Ra7+ Ke8 42. Rxh7 {
1-0 Giacomini,M-Bianchi,A/Podova ITA 1998 (42)}) 5. O-O b6 6. a4 a6 7. Nbd2 Bb7
8. Qe2 Be7 9. c3 Ne4 10. Bc2 Nxd2 11. Bxd2 O-O 12. b4 c5 13. Rfc1 Bd6 14. Rab1
Bc6 15. h3 Qe7 16. dxc5 bxc5 17. e4 dxe4 18. Bxe4 18... Bxe4 {
Pinter Jozsef-Adamski Jan/Tbilisi (Georgia) 1986/1-0 (36)}) (4. Nbd2 c5 5. c3
Nc6 6. Bd3 b6 7. O-O Bd6 8. Qe2 cxd4 9. exd4 Qc7 10. Re1 Nd7 11. Nf1 h6 12. Ne3
Nf6 13. Nf5 Bf4 14. Ne5 Bxc1 15. Raxc1 O-O 16. Nxc6 exf5 17. Ne7+ Kh8 18. Nxf5
18... Bxf5 {Hebesberger,T-Dumancic,P/Aschach AUT 1998/1-0 (40)}) 4... c6 5. Bd3
Bd6 6. O-O (6. Nbd2 6... Nbd7 $11) 6... c5 7. Nc3 7... c4 {Raumvorteil} 8. Be2
8... a6 {Staerkt b5} 9. b3 b5 10. bxc4 bxc4 11. Rb1 Nc6 12. Qe1 O-O 13. Bd1 Qa5
14. a3 {Verwehrt dem Gegner b4} 14... Bd7 (14... Bxa3 $2 {laeuft nicht} 15. Ra1
$1 $18 {Boing!}) 15. e4 dxe4 (15... Bxa3 $2 {wird widerlegt durch} 16. Ra1 $1 {
glaenzend gespielt} 16... dxe4 17. Rxa3 $18 (17. Bxa3 $143 17... exf3 18. Bxf3
Nxd4 19. Bxa8 19... Rxa8 $17)) 16. Nxe4 Nxe4 17. Qxe4 Rfb8 (17... Bxa3 18. Ra1
Bxc1 19. Rxa5 Nxa5 20. Ne5 $18) 18. Rxb8+ Rxb8 19. Ng5 f5 20. Qf3 Qc7 (20...
Rd8 21. Qh5 h6 22. Qf7+ Kh8 23. Nf3 $11) 21. Qh5 (21. d5 Bxh2+ 22. Kh1 22...
Nd4 $14) 21... h6 (21... Nxd4 $4 {vergiftet...} 22. Qxh7+ Kf8 23. Qh8+ Ke7 24.
Qxg7+ Kd8 25. Qxd4 $18) 22. Qf7+ {Der rueckstaendige Bauer e6 wird angegriffen}
22... Kh8 23. Nf3 Rf8 24. Qg6 Ne7 25. Qh5 Be8 26. Qh3 26... Nd5 {
Ein gutes Feld fuer den Springer} 27. Bxh6 27... gxh6 {Befestigt g5} 28. Qxh6+
{Nun geraet Schwarz unter starken Druck.} 28... Kg8 29. Qxe6+ {
Vom Freibauern d4 wird noch die Rede sein} 29... Bf7 30. Qxf5 Nf4 (30... Bxa3
$4 {das Schlagen des Bauern ist schlecht} 31. Ng5 Nf6 32. Qxf6 $18) 31. Qg4+
Kh8 32. Ng5 32... Rb8 $2 (32... Bg8 $5 $142 33. g3 33... Nd5 $18) 33. Qh4+ Kg7
34. Qh7+ Kf6 35. Qh6+ (35. Nxf7 Qxf7 36. Qh6+ Qg6 37. Qxg6+ 37... Nxg6 $11) (
35. Qxf7+ Qxf7 36. Nxf7 36... Kxf7 $11) 35... Bg6 (35... Ng6 36. f4 (36. Nxf7
$6 36... Qxf7 37. f4 37... Rb5 $16 (37... Bxa3 $4 {
Schwarz schlaegt einen vergifteten Bauern} 38. f5 Ke7 39. fxg6 $18)) 36... Rh8
37. Nh7+ Ke7 38. Bh5 Bxf4 39. Qg7 (39. Bxg6 $6 39... Bxh6 40. Rxf7+ Kd6 41.
Rxc7 41... Kxc7 $16) 39... Rxh7 40. Qxh7 $18) 36. g3 Rg8 (36... Re8 37. gxf4
Bxf4 38. h4 $18) 37. Bg4 Bf8 (37... Qb8 38. Ne4+ Kf7 39. Nxd6+ (39. gxf4 $6
39... Bxe4 40. Qe6+ 40... Kf8 $14) 39... Qxd6 40. gxf4 Qxd4 41. Rb1 $18) 38.
Qh4 Be7 39. gxf4 Qa5 40. Be6 Rb8 (40... Kg7 $18 {ist noch eine duenne Chance})
41. Qh6 {Mit der Idee d5} 41... Bf8 42. Nh7+ Kxe6 43. Nxf8+ (43. Qxg6+ $142 {
und Weiss gewinnt} 43... Kd7 44. Nxf8+ Kc8 45. Qc6+ Qc7 46. Qxa6+ 46... Rb7 $18
) 43... Rxf8 44. Qxf8 Qd2 (44... Bf7 45. Rb1 Kf6 46. Qh6+ Bg6 47. d5 Qxd5 48.
Rb6+ Ke7 49. Rxg6 Qd1+ 50. Kg2 Qd5+ 51. Kg3 $18) 45. Rb1 Qxd4 46. Qc8+ Kd5 47.
Qd8+ Kc5 48. Qg5+ Qd5 49. Qe7+ (49. Qxg6 {gibt noch groesseren Vorteil} 49...
Qd6 50. Qf7 50... c3 $18) 49... Qd6 50. Qxd6+ (50. Qxd6+ Kxd6 51. Rb6+ Kd5 52.
Rxg6 $18) 1-0

[Event "ICS rated blitz match"]
[Site "207.99.83.227"]
[Date "1999.04.25"]
[Round "?"]
[White "Hossa"]
[Black "toothfairy"]
[Result "1-0"]
[WhiteElo "2340"]
[BlackElo "2005"]
[PlyCount "65"]

1. e4 e5 2. Nf3 d6 3. d4 Nd7 4. Nc3 c6 5. Bc4 Qc7 6. O-O Be7 7. Ng5 Nh6 8. Nh3
Nb6 9. Bb3 Bxh3 10. gxh3 Ng8 11. dxe5 dxe5 12. Qf3 Nf6 13. Qg3 O-O 14. Bh6 Ne8
15. Rad1 Bf6 16. f4 Kh8 17. Bg5 exf4 18. Bxf4 Qe7 19. e5 Bh4 20. Qg4 Nc7 21.
Ne4 Nbd5 22. Nd6 b6 23. Nf5 Qc5+ 24. Be3 g6 25. Bxc5 gxf5 26. Qxh4 bxc5 27.
Rxf5 Rg8+ 28. Kh1 Rg7 29. Qf2 Rag8 30. Rxf7 Rg2 31. Qxc5 Re2 32. Rxc7 Rxe5 33.
Rxc6 {toothfairy resigns} 1-0

[Event "ICS rated blitz match"]
[Site "207.99.83.227"]
[Date "1999.04.25"]
[Round "?"]
[White "toothfairy"]
[Black "Hossa"]
[Result "0-1"]
[WhiteElo "2001"]
[BlackElo "2344"]
[PlyCount "60"]

1. e4 e6 2. d4 d5 3. exd5 exd5 4. Bd3 Nf6 5. h3 Bb4+ 6. c3 Bd6 7. Nf3 O-O 8.
O-O Re8 9. Re1 Rxe1+ 10. Qxe1 Be6 11. Nbd2 Nh5 12. Nf1 Nf4 13. Bxf4 Bxf4 14.
Qe2 Qf6 15. Re1 Nc6 16. Ne3 Rf8 17. Bc2 a6 18. Ba4 b5 19. Bc2 Ne7 20. a3 Re8
21. Ng4 Bxg4 22. hxg4 Qh6 23. g5 Bxg5 24. Qe5 Bc1 25. Qxc7 Kf8 26. Ne5 Bf4 27.
Nd7+ Kg8 28. Rxe7 Bh2+ 29. Kf1 Qc1+ 30. Ke2 30... Rxe7+ {toothfairy resigns}
0-1

[Event "ICS rated blitz match"]
[Site "207.99.83.227"]
[Date "1999.04.25"]
[Round "?"]
[White "toothfairy"]
[Black "Hossa"]
[Result "1/2-1/2"]
[WhiteElo "1993"]
[BlackElo "2352"]
[PlyCount "122"]

1. e4 e6 2. d4 d5 3. exd5 exd5 4. Bd3 Nf6 5. h3 Bb4+ 6. c3 Bd6 7. Be3 O-O 8.
Nd2 Re8 9. Ne2 Be6 10. O-O Qc8 11. Bf4 Bxf4 12. Nxf4 Bf5 13. Be2 Nbd7 14. Bf3
c6 15. Re1 Qc7 16. Ne2 Re7 17. Ng3 Rxe1+ 18. Qxe1 Re8 19. Qf1 Qf4 20. Qc1 Bd3
21. Nb3 Qxc1+ 22. Rxc1 b6 23. Nd2 b5 24. a3 Nb6 25. b3 a5 26. Bg4 Nxg4 27. hxg4
a4 28. b4 Nc4 29. Nxc4 Bxc4 30. f3 h6 31. Kf2 Kf8 32. Re1 Rxe1 33. Kxe1 g6 34.
Nh1 Ke7 35. g3 Kf6 36. Nf2 Ke6 37. Kd2 f6 38. Nh3 Kf7 39. Nf4 Bb3 40. Ng2 Ba2
41. Ne3 Ke6 42. Ng2 Ke7 43. Nf4 Kf7 44. Nd3 Bb1 45. Nc5 Ke7 46. Ke3 Ba2 47. Nb7
Bb3 48. Kf4 Bc4 49. Ke3 g5 50. Nc5 Kd6 51. Kf2 Bb3 52. Ke3 Ba2 53. Nd3 Bc4 54.
Nc5 Ke7 55. Kf2 Ke8 56. Ke3 Ba2 57. Ne6 Ke7 58. Nc5 Ke8 59. Ne6 Ke7 60. Nc5 Ke8
61. Ne6 61... Ke7 {Game drawn by repetition} 1/2-1/2

[Event "ICS rated blitz match"]
[Site "207.99.83.227"]
[Date "1999.04.25"]
[Round "?"]
[White "Hossa"]
[Black "toothfairy"]
[Result "1-0"]
[WhiteElo "2340"]
[BlackElo "2005"]
[PlyCount "107"]

1. d4 Nf6 2. Nf3 g6 3. Nc3 Bg7 4. e4 d6 5. Bb5+ c6 6. Be2 Bg4 7. Bg5 Bxf3 8.
Bxf3 Nbd7 9. Qd2 e5 10. O-O-O Qc7 11. Be3 O-O-O 12. d5 c5 13. Qe2 h5 14. Qb5
Qb6 15. b4 Qc7 16. bxc5 Nxc5 17. Bxc5 Qxc5 18. Qxc5+ dxc5 19. Na4 b6 20. Nc3
Kb8 21. Nb5 Bf8 22. Kb1 Bd6 23. g3 a6 24. Nxd6 Rxd6 25. h4 b5 26. Rd2 Kc7 27.
Kb2 Kb6 28. Rb1 c4 29. Kc3 Kc5 30. a4 Rb8 31. axb5 axb5 32. Kb2 b4 33. Rdd1 Ra8
34. Ra1 Rda6 35. Rxa6 Rxa6 36. Re1 c3+ 37. Kb1 Ne8 38. Re3 Nd6 39. Be2 Ra7 40.
Bf1 Re7 41. Re1 Ra7 42. f3 Re7 43. Rc1 f5 44. Bd3 fxe4 45. fxe4 Rf7 46. Re1 Rf3
47. Ka2 Rxg3 48. Rh1 Kd4 49. Kb3 Nxe4 50. Bxe4 Kxe4 51. d6 Rf3 52. d7 Rf8 53.
Re1+ Kf3 54. Rf1+ {toothfairy resigns} 1-0

[Event "ICS rated blitz match"]
[Site "207.99.83.227"]
[Date "1999.04.25"]
[Round "?"]
[White "HAL9000"]
[Black "Hossa"]
[Result "1-0"]
[WhiteElo "2378"]
[BlackElo "2344"]
[Annotator "Crafty v16.6"]
[PlyCount "57"]

{annotating for player Hossa using a scoring margin of +0.10 pawns. search
time limit is 10.00} 1. d4 1... Nf6 2. Nf3 e6 3. Bg5 d5 ({8:-0.35} 3... d5 4.
e3 Bb4+ 5. c3 Be7 6. Bb5+ Bd7 7. Bxd7+ Nfxd7 8. Bf4 O-O 9. O-O $14) ({8:-0.01} 
3... Be7 4. e3 c5 5. Bb5 cxd4 6. Nxd4 a6 7. Bxf6 Bxf6 8. Bc4 $10) 4. e3 Bd6 5.
c4 O-O 6. Nc3 c6 ({7:-0.48} 6... c6 7. c5 Be7 8. Bd3 b6 9. cxb6 Qxb6 10. Qd2
$14) ({7:-0.14} 6... Be7 7. Bd3 dxc4 8. Bxc4 Ng4 9. Bxe7 Qxe7 10. O-O 10... Nd7
$10) 7. Ne5 Nbd7 8. Nxd7 Bxd7 9. Qf3 Be7 ({8:+0.09} 9... Be7 10. Bd3 dxc4 11.
Bxc4 Qb6 12. Qe2 c5 13. Rd1 13... Rad8 $10) ({8:+0.24} 9... Qb6 10. O-O-O Be7
11. Qe2 dxc4 12. f4 e5 13. fxe5 $10) 10. Bd3 Qb6 11. O-O-O dxc4 12. Bxc4 Rfd8
13. Ne4 Qb4 14. Bd3 Nxe4 15. Bxe7 Qxe7 16. Qxe4 f5 17. Qe5 Qb4 18. g4 fxg4 19.
h3 Qa4 20. hxg4 h6 21. g5 h5 22. Rxh5 Bc8 23. Rdh1 Qxd4 24. Rh8+ Kf7 25. exd4
Rxh8 26. Qc7+ Bd7 27. Qxd7+ Kg8 28. Qxe6+ Kf8 29. Rxh8# 1-0

[Event "ICS rated blitz match"]
[Site "207.99.83.227"]
[Date "1999.04.25"]
[Round "?"]
[White "Hossa"]
[Black "gambitmaster"]
[Result "0-1"]
[WhiteElo "2330"]
[BlackElo "2680"]
[Annotator "Crafty v16.6"]
[PlyCount "108"]

{annotating for player Hossa using a scoring margin of +0.10 pawns. search
time limit is 10.00} 1. e4 1... c5 2. Bc4 e6 3. Nc3 d6 4. Nf3 Nf6 5. d4 cxd4 6.
Nxd4 a6 7. O-O Be7 8. Bg5 b5 9. Bd3 h6 10. Bh4 Bb7 11. Qf3 b4 12. Nce2 Nbd7 13.
Bxf6 Bxf6 14. a3 bxa3 15. Rxa3 O-O 16. Rd1 a5 17. Qh5 a4 18. Ra2 Qb6 19. Nb5
Ne5 20. Nbc3 Qc5 21. Bb5 a3 22. b3 Bd8 23. Qh3 Ba5 24. Ba4 Ba6 25. Qe3 Rfc8 26.
Qxc5 Rxc5 27. Rxa3 Bxc3 28. Nxc3 Rxc3 29. Bb5 Bb7 30. Rxa8+ Bxa8 31. f3 Rxc2
32. Rxd6 Bc6 33. Bxc6 Nxc6 34. h4 Kf8 35. Rd7 Rb2 36. Rb7 f5 37. exf5 exf5 38.
h5 Nd4 39. b4 Ne2+ 40. Kh1 Ng3+ 41. Kg1 Nxh5 42. Kh1 Nf4 43. g3 Ne2 44. Rb8+
Ke7 45. g4 Nd4 46. Rb7+ Kf6 47. g5+ hxg5 48. Rb6+ Ke5 49. Kg1 Nxf3+ 50. Kf1 Kf4
51. Rg6 g4 52. Re6 Kg3 53. Re2 Rb1+ 54. Re1 Rxe1# 0-1

[Event "ICS rated blitz match"]
[Site "207.99.83.227"]
[Date "1999.04.25"]
[Round "?"]
[White "HAL9000"]
[Black "Hossa"]
[Result "1-0"]
[WhiteElo "2392"]
[BlackElo "2326"]
[Annotator "Crafty v16.6"]
[PlyCount "121"]

{annotating for player Hossa using a scoring margin of +0.10 pawns. search
time limit is 10.00} 1. d4 1... e6 2. g3 d5 3. c4 dxc4 4. Bg2 c5 5. Nf3 cxd4 6.
Qxd4 Qxd4 7. Nxd4 Nf6 8. Nd2 Bb4 9. Nb5 Na6 10. O-O O-O 11. Nxc4 Bd7 ({8:-0.68
} 11... Bd7 12. Nbd6 Nd5 13. Nxb7 Bb5 14. b3 Rab8 15. e4 $14) ({8:-0.35} 11...
Nd5 12. Rd1 Bd7 13. Ncd6 Rfd8 14. Bg5 f6 15. Bh4 $14) 12. Nd4 Nd5 13. e4 Ne7
14. Be3 Rac8 15. Rac1 Rfd8 16. Ne5 Rxc1 17. Rxc1 Bc5 18. Bf1 Bc8 19. Bxa6 Bxd4
20. Bxd4 Rxd4 21. Rc7 f6 22. Bxb7 Bxb7 23. Rxb7 fxe5 24. Rxe7 a5 25. b3 a4 26.
bxa4 Rxe4 27. Ra7 Re1+ 28. Kg2 Ra1 29. Kf3 Rxa2 30. g4 Ra3+ 31. Ke4 Ra2 32.
Kxe5 Rxf2 33. h4 Re2+ 34. Kd6 h6 35. a5 Kh7 36. h5 e5 37. a6 Re1 38. Kd5 Rg1
39. Rb7 Rxg4 40. a7 Ra4 41. Kxe5 Ra2 42. Kd5 Ra6 43. Rd7 Ra3 44. Kc6 Ra4 45.
Kb7 Rb4+ 46. Kc7 Ra4 47. Kb8 Rb4+ 48. Rb7 Ra4 49. a8=Q Rxa8+ 50. Kxa8 Kg8 51.
Kb8 Kf8 52. Kc8 Kg8 53. Re7 Kf8 54. Kd7 Kg8 55. Kd6 g6 56. hxg6 h5 57. Ke5 h4
58. Kf6 Kf8 59. g7+ Kg8 60. Re8+ Kh7 61. Rh8# 1-0

[Event "ICS rated blitz match"]
[Site "207.99.83.227"]
[Date "1999.04.25"]
[Round "?"]
[White "Hossa"]
[Black "Brookie"]
[Result "1-0"]
[WhiteElo "2313"]
[BlackElo "1984"]
[PlyCount "27"]

1. e4 e5 2. Nf3 Nc6 3. Bb5 g6 4. O-O Bg7 5. c3 d6 6. d4 Bd7 7. Bg5 Nce7 8.
Bxd7+ Qxd7 9. dxe5 dxe5 10. Qxd7+ Kxd7 11. Rd1+ Ke6 12. Na3 h6 13. Nb5 hxg5 14.
Nxc7+ {Brookie resigns} 1-0

[Event "ICS rated blitz match"]
[Site "207.99.83.227"]
[Date "1999.04.25"]
[Round "?"]
[White "Brookie"]
[Black "Hossa"]
[Result "0-1"]
[WhiteElo "1980"]
[BlackElo "2317"]
[PlyCount "50"]

1. d4 Nf6 2. c4 e6 3. Nc3 Bb4 4. Qc2 d5 5. a3 Bxc3+ 6. bxc3 dxc4 7. e4 b5 8.
Bg5 O-O 9. e5 Qd5 10. f3 Nfd7 11. Ne2 c5 12. Nf4 Qc6 13. a4 cxd4 14. cxd4 a6
15. axb5 axb5 16. Rxa8 Qxa8 17. Be2 Nc6 18. Qc3 Qa7 19. d5 exd5 20. Nxd5 Ndxe5
21. Ne7+ Nxe7 22. Qxe5 f6 23. Qxb5 fxg5 24. Bxc4+ Kh8 25. Qxg5 25... Nf5 {
Brookie resigns} 0-1

[Event "ICS rated blitz match"]
[Site "207.99.83.227"]
[Date "1999.04.25"]
[Round "?"]
[White "Hossa"]
[Black "saknight"]
[Result "1-0"]
[WhiteElo "2321"]
[BlackElo "2011"]
[PlyCount "57"]

1. d4 g6 2. e4 Bg7 3. Nf3 d6 4. Nc3 c6 5. Bg5 Qa5 6. Qd2 Bg4 7. Be2 Nd7 8. b4
Qc7 9. O-O h6 10. Bf4 Ngf6 11. e5 Nh5 12. exd6 exd6 13. Nh4 Bxe2 14. Qxe2+ Kf8
15. Be3 Re8 16. Nf5 Nhf6 17. Nxg7 Kxg7 18. Rae1 d5 19. Qf3 Nb6 20. Bf4 Qd7 21.
Be5 Re6 22. Ne2 Nc4 23. Nf4 Nxe5 24. Nxe6+ fxe6 25. Rxe5 Rf8 26. Qh3 Re8 27.
Rfe1 Ne4 28. f3 Ng5 29. Qg4 {saknight resigns} 1-0

[Event "ICS rated blitz match"]
[Site "207.99.83.227"]
[Date "1999.04.25"]
[Round "?"]
[White "attakinski"]
[Black "Hossa"]
[Result "1-0"]
[WhiteElo "2501"]
[BlackElo "2326"]
[Annotator "Crafty v16.6"]
[PlyCount "72"]

{annotating for player Hossa using a scoring margin of +0.10 pawns. search
time limit is 10.00} 1. e4 1... c5 2. c3 e6 3. d4 cxd4 4. Nf3 dxc3 5. Nxc3 Nc6
6. Bc4 Bb4 7. O-O Nf6 8. e5 Bxc3 ({8:+0.10} 8... Bxc3 9. bxc3 Ng4 10. Qd6 Qa5
11. Bf4 b5 12. Bd3 12... Qxc3 $10) ({8:+0.45} 8... Ng4 9. Bf4 f6 10. exf6 Qxf6
11. Bg5 Qf5 12. Bd3 12... Qf7 $15) 9. bxc3 Ne4 10. Bf4 Nxc3 11. Qb3 Ne4 12.
Rad1 Qe7 ({9:+0.32} 12... Qe7 13. Qe3 Nc5 14. Bg5 f6 15. exf6 gxf6 16. Bxf6
Qxf6 17. Qxc5 $15) ({9:+0.81} 12... Na5 13. Qc2 Nxc4 14. Qxe4 Nb6 15. Rd6 O-O
16. Ng5 16... h6 $17) 13. Qe3 f5 14. exf6 Nxf6 15. Bd6 Qf7 16. Rc1 Ne7 17. Ne5
Qg8 18. Bb3 b6 19. Rfd1 Ned5 20. Bxd5 exd5 21. Ng6+ Kf7 22. Nxh8+ Qxh8 23. Qe7+
Kg6 24. Rc3 h6 25. Rg3+ Kh7 26. Qf7 Qg8 27. Qg6+ Kh8 28. Be5 Qf8 29. Rf3 Bb7
30. Rxf6 Qe7 31. Bc3 Kg8 32. Re1 Qxe1+ 33. Bxe1 Rf8 34. Rxf8+ Kxf8 35. Bb4+ d6
36. Bxd6+ Kg8 1-0

[Event "ICS rated blitz match"]
[Site "207.99.83.227"]
[Date "1999.04.25"]
[Round "?"]
[White "Hossa"]
[Black "element"]
[Result "1-0"]
[WhiteElo "2317"]
[BlackElo "1927"]
[PlyCount "119"]

1. e4 g6 2. Nf3 c6 3. d4 Bg7 4. Bg5 d5 5. exd5 cxd5 6. Bb5+ Bd7 7. Nc3 Bxb5 8.
Nxb5 Qa5+ 9. Nc3 Nc6 10. O-O Nf6 11. Qc1 Ne4 12. Bd2 Nxd2 13. Qxd2 O-O 14. Qg5
e6 15. Rfd1 Qb4 16. Qd2 Rac8 17. Rab1 b5 18. a3 Qa5 19. Qf4 Qb6 20. Rd2 Na5 21.
Ne5 Nc4 22. Nd7 Qb7 23. Nxf8 Nxd2 24. Qxd2 Bxf8 25. Qd3 a6 26. f4 Qb6 27. Rf1
Bg7 28. Ne2 Qc6 29. c3 Qc4 30. Nc1 Qxd3 31. Nxd3 a5 32. g3 Kf8 33. h4 Ke7 34.
Kf2 h5 35. Kf3 Kd6 36. Ke3 Rc7 37. Rc1 f6 38. Re1 Rb7 39. Kf3 Re7 40. Kg2 e5
41. dxe5+ fxe5 42. fxe5+ Bxe5 43. Rf1 Re6 44. Rf7 d4 45. Nxe5 Kxe5 46. Rb7 dxc3
47. bxc3 Ke4 48. Rxb5 Kd3 49. Rxa5 Kxc3 50. Ra7 Kc4 51. Kf3 Rf6+ 52. Ke2 Re6+
53. Kf1 Kb5 54. Kf2 Rf6+ 55. Ke2 Re6+ 56. Kf3 Rf6+ 57. Ke4 Kb6 58. Ra8 Re6+ 59.
Kf4 Rc6 60. Kg5 {element resigns} 1-0

[Event "ICS rated blitz match"]
[Site "207.99.83.227"]
[Date "1999.04.25"]
[Round "?"]
[White "element"]
[Black "Hossa"]
[Result "0-1"]
[WhiteElo "1924"]
[BlackElo "2320"]
[PlyCount "48"]

1. Nc3 d5 2. e4 d4 3. Nce2 e5 4. Ng3 Nf6 5. Nf3 Bd6 6. Bc4 Be6 7. Bxe6 fxe6 8.
O-O O-O 9. d3 Nc6 10. Qe2 Qe7 11. Bd2 Rae8 12. a3 Qf7 13. Ng5 Qg6 14. Nh3 Re7
15. b4 Nd7 16. b5 Nd8 17. a4 Bc5 18. a5 c6 19. a6 cxb5 20. axb7 Nxb7 21. Rfb1
Nd6 22. Bb4 Bxb4 23. Rxb4 Nb8 24. Ra6 24... Nxa6 {element resigns} 0-1